Impressionist children : childhood, family, and modern identity in French art

Imagining childhood -- A model child : pictorial traditions in the nineteenth century -- All dolled up : the commodification of childhood -- Home and garden : the private spaces of children and mothers -- A walk in the park : the public display of children and mothers -- Family reunion : modern subj...

Ausführliche Beschreibung

Gespeichert in:
Bibliographische Detailangaben
VerfasserIn: Thomas, Greg M. (VerfasserIn)
Dokumenttyp: Buch
Sprache:English
Veröffentlicht: New Haven, Conn. [u.a.] : Yale University Press , 2010
Schlagwörter:
Online Zugang:Inhaltsverzeichnis
Rezension
Rezension
Kurzbeschreibung
Ausführliche Beschreibung
Autorenbiografie
Rezension
Inhaltsverzeichnis
Bibliogr. Hinweis:Rezensiert in: [Rezension von: Greg M. Thomas, Impressionist children. Childhood, family, and modern identity in French art]
Verantwortlich:Greg M. Thomas
LEADER 06712cam a2201309 c 4500
001 615656153
003 DE-627
005 20260523151343.0
007 tu
008 100104s2010 xxu||||| 00| ||eng c
010 |a  2009052111 
020 |a 9780300112856  |q cloth : alk. paper  |9 978-0-300-11285-6 
020 |a 0300112858  |9 0-300-11285-8 
024 3 |a 9780300112856 
035 |a (DE-627)615656153 
035 |a (DE-603)233338748 
035 |a (DE-576)337006059 
035 |a (DE-599)GBV615656153 
035 |a (OCoLC)707093755 
035 |a (OCoLC)707093755 
040 |a DE-627  |b ger  |c DE-627  |e rakwb 
041 |a eng 
044 |c XD-US  |c XA-GB 
050 0 |a ND1460.C48 
082 0 |a 757/.50944  |q LOC  |2 22 
082 0 |a 757.50944  |2 DDC22eng 
084 |a 9,10  |2 ssgn 
084 |a 21.02  |2 bcl 
084 |a 20.24  |2 bkl 
090 |a a 
100 1 |a Thomas, Greg M.  |d 1962-  |0 (DE-588)143745522  |0 (DE-627)704590190  |0 (DE-576)182063674  |4 aut 
245 1 0 |a Impressionist children  |b childhood, family, and modern identity in French art  |c Greg M. Thomas 
263 |a 1005 
264 1 |a New Haven, Conn. [u.a.]  |b Yale University Press  |c 2010 
300 |a XXIII, 214 S  |b zahlr. Ill 
336 |a Text  |b txt  |2 rdacontent 
337 |a ohne Hilfsmittel zu benutzen  |b n  |2 rdamedia 
338 |a Band  |b nc  |2 rdacarrier 
500 |a Includes bibliographical references and index 
505 8 |a Introduction. Imagining childhood -- A model child : pictorial traditions in the nineteenth century -- All dolled up : the commodification of childhood -- Home and garden : the private spaces of children and mothers -- A walk in the park : the public display of children and mothers -- Family reunion : modern subjectivity and collective identities -- Epilogue. The end of childhood. 
520 |a Imagining childhood -- A model child : pictorial traditions in the nineteenth century -- All dolled up : the commodification of childhood -- Home and garden : the private spaces of children and mothers -- A walk in the park : the public display of children and mothers -- Family reunion : modern subjectivity and collective identities -- The end of childhood : epilogue 
583 1 |a Archivierung/Langzeitarchivierung gewährleistet  |f SSG  |x XA-DE-BW  |2 pdager  |5 DE-16 
583 1 |a Archivierung/Langzeitarchivierung gewährleistet  |f SLG  |z Frankreichforschung  |2 pdager  |5 DE-77 
583 1 |a Archivierung prüfen  |c 20260307  |f DE-640  |z 2  |2 pdager 
648 7 |a Geschichte 1860-1900  |2 gnd 
650 0 |a Children in art 
650 0 |a Mothers in art 
650 0 |a Identity (Philosophical concept) in art 
650 0 |a Impressionism (Art)  |z France 
650 0 |a Painting, French  |y 19th century  |x Themes, motives 
650 0 |a Art and society  |z France  |x History  |y 19th century 
650 0 |a Impressionism (Art)  |z France 
650 0 |a Children in art 
650 0 |a Childhood in art 
650 0 |a Mothers in art 
650 0 |a Family in art 
650 0 |a Identity (Philosophical concept) in art 
650 0 |a Painting, French  |x Themes, motives  |y 19th century 
650 0 |a Art and society  |x History  |y 19th century  |z France 
650 0 |a Art & design styles: Impressionism & Post-Impressionism  |z France  |2 bicssc 
650 0 |a Human figures depicted in art  |z France  |2 bicssc 
650 0 |a Art and Design  |2 eflch 
650 0 7 |0 (DE-588)4114333-4  |0 (DE-627)105822957  |0 (DE-576)209483733  |a Kunst  |2 gnd 
650 0 7 |0 (DE-588)4020588-5  |0 (DE-627)106317520  |0 (DE-576)208933956  |a Gesellschaft  |2 gnd 
650 0 7 |0 (DE-588)4030550-8  |0 (DE-627)104360100  |0 (DE-576)208988165  |a Kind  |2 gnd 
650 0 7 |0 (DE-588)4016397-0  |0 (DE-627)104427175  |0 (DE-576)208915818  |a Familie  |2 gnd 
689 0 0 |d g  |0 (DE-588)4018145-5  |0 (DE-627)106327232  |0 (DE-576)208922857  |a Frankreich  |2 gnd 
689 0 1 |d s  |0 (DE-588)4037220-0  |0 (DE-627)10623871X  |0 (DE-576)209022892  |a Malerei  |2 gnd 
689 0 2 |d s  |0 (DE-588)4120778-6  |0 (DE-627)105774057  |0 (DE-576)209537906  |a Mutter  |g Motiv  |2 gnd 
689 0 3 |d s  |0 (DE-588)4114170-2  |0 (DE-627)105824178  |0 (DE-576)209482451  |a Kind  |g Motiv  |2 gnd 
689 0 4 |d s  |0 (DE-588)4123181-8  |0 (DE-627)105756962  |0 (DE-576)209557532  |a Familie  |g Motiv  |2 gnd 
689 0 5 |d s  |0 (DE-588)4026679-5  |0 (DE-627)106287370  |0 (DE-576)208967559  |a Impressionismus  |2 gnd 
689 0 5 |a z  |2 gnd  |a Geschichte 1860-1900 
689 0 |5 DE-101 
689 1 0 |d g  |0 (DE-588)4018145-5  |0 (DE-627)106327232  |0 (DE-576)208922857  |a Frankreich  |2 gnd 
689 1 1 |d s  |0 (DE-588)4037220-0  |0 (DE-627)10623871X  |0 (DE-576)209022892  |a Malerei  |2 gnd 
689 1 2 |d s  |0 (DE-588)4120778-6  |0 (DE-627)105774057  |0 (DE-576)209537906  |a Mutter  |g Motiv  |2 gnd 
689 1 3 |d s  |0 (DE-588)4114170-2  |0 (DE-627)105824178  |0 (DE-576)209482451  |a Kind  |g Motiv  |2 gnd 
689 1 4 |d s  |0 (DE-588)4123181-8  |0 (DE-627)105756962  |0 (DE-576)209557532  |a Familie  |g Motiv  |2 gnd 
689 1 5 |d s  |0 (DE-588)4026679-5  |0 (DE-627)106287370  |0 (DE-576)208967559  |a Impressionismus  |2 gnd 
689 1 6 |a z  |2 gnd  |a Geschichte 1860-1900 
689 1 |5 (DE-627) 
787 0 8 |i Rezensiert in  |a Brabant, Dominik, 1982 -   |t [Rezension von: Greg M. Thomas, Impressionist children. Childhood, family, and modern identity in French art]  |d 2012  |w (DE-627)1802146229 
856 4 2 |u https://swbplus.bsz-bw.de/bsz337006059inh.htm  |m B:DE-576;DE-16  |q application/pdf  |v 20110228105311  |x Verlag  |3 Inhaltsverzeichnis  |7 1 
856 4 2 |u https://swbplus.bsz-bw.de/bsz337006059rez.htm  |m B:DE-576;DE-16  |q application/pdf  |v 20120621100935  |x Verlag  |3 Rezension  |7 1 
856 4 2 |u http://www.sehepunkte.de/2012/06/19691.html  |m V:DE-576;X:Sehepunkte  |q text/html  |v 20180413101149  |3 Rezension  |7 1 
856 4 2 |u http://scans.hebis.de/HEBCGI/show.pl?23333874_kub.html  |m X:Nielsen  |q text/html  |3 Kurzbeschreibung  |7 1 
856 4 2 |u http://scans.hebis.de/HEBCGI/show.pl?23333874_aub.html  |m X:Nielsen  |q text/html  |3 Ausführliche Beschreibung  |7 1 
856 4 2 |u http://scans.hebis.de/HEBCGI/show.pl?23333874_bio.html  |m X:Nielsen  |q text/html  |3 Autorenbiografie  |7 1 
856 4 2 |u http://scans.hebis.de/HEBCGI/show.pl?23333874_rez.pdf  |m V:DE-576;B:DE-16  |q application/pdf  |3 Rezension  |7 1 
856 4 2 |u http://scans.hebis.de/HEBCGI/show.pl?23333874_toc.pdf  |m V:DE-603;B:DE-77  |q application/pdf  |3 Inhaltsverzeichnis  |7 1 
935 |a MZFRA 
935 |i sf 
936 b k |a 20.24  |j Gesellschaft  |j Kultur  |x Ikonographie  |0 (DE-627)106423622 
936 s n |a l300  |2 mzub 
951 |a BO 
990 |a Frankreich 
990 |a Malerei 
990 |a Mutter 
990 |a Kind 
990 |a Familie 
990 |a Impressionismus 
990 |a Geschichte 1860-1900 
990 |a Frankreich 
990 |a Malerei 
990 |a Mutter 
990 |a Kind 
990 |a Familie 
990 |a Impressionismus 
990 |a Geschichte 1860-1900 
991 |a Rezensiertes Werk 
999 |a KXP-PPN615656153  |e 4167102757